000 00841nam a2200229 i 4500
001 77778
003 ES-MaACL
005 20260201170439.0
007 t|
008 041108s1976 sp ||||1| spa d
020 _a84-400-9713-1
080 _a914.652.2 : (234.1 Pirineos )
100 1 _aEnríquez de Salamanca, Cayetano.
_947285
245 1 0 _aPor el Pirineo catalán
_b: (el Pallars, el alto Urgel y Andorra) /
_cCayetano Enríquez de Salamanca ; prólogo de Agustí Jolis y Mª Antonia Simó de Jolis.
260 _aMadrid :
_b[s.n.],
_c1976.
300 _a175 p. :
_bil. neg. y col. ;
_c24 cm.
651 4 _aPirineos catalanes (España)-
_vGuías turísticas.
_9158853
700 1 _aJolis, Agustí
_966796
700 0 _aSimó de Jolis, Maria Antònia.
_9106500
852 _aES-MaACL
_jE-10282
_bR.134511
999 _c77778
_d77778